| 000 | 00431nam a22001697a 4500 | ||
|---|---|---|---|
| 003 | NUST | ||
| 020 | _a9789382291077 | ||
| 038 | _aKhadija | ||
| 082 |
_a629.41 _bSPA |
||
| 100 |
_aAlfriend, Kyle _983897 |
||
| 245 |
_aSpacecraft Formation Flying : _bDynamics, Control and Navigation / _cKyle T. Alfriend |
||
| 260 |
_aNew Dehli _bElseiver _c2012. |
||
| 300 | _a382 p. ; | ||
| 500 | _aPaperback. | ||
| 563 | _aPB | ||
| 942 |
_cBK _2ddc |
||
| 999 |
_c33169 _d33169 |
||